000 01095namaa2200289 i 4500
003 EG-GICUC
005 20260412131452.0
008 260412s1997 xx ||||jr|||| 000 0 ara d
040 _aEG-GiCUC
_bara
_cEG-GiCUC
_dEG-GiCUC
_erda
082 0 4 _221
_a216.3
_bM263 1997
092 0 4 _221
_a216.3
_bM263 1997
099 _a216.3 M263 1997
100 1 _aممدوح، محمود سعيد
_eمؤلف.
245 1 0 _aرفع المنارة لتخريج أحاديث التوسل والزيارة /
_cبقلم محمود سعيد ممدوح
250 _aالطبعة الثانية
264 _aمكان النشر غير محدد :
_bدار الامام الترمذى،
_c1997
300 _a396 صفحة ؛
_c24 سم
336 _2rdacontent
_atext
337 _2rdamedia
_aUnmediated
338 _2rdacarrier
_avolume
504 _aيشتمل على ارجاعات ببليوجرافية.
541 _aد. / جابر عصفور ؛
_bالقاهرة ؛
_cإهداء ؛
_d2024
650 1 7 _aالحديث
_xدفع مطاعن
_2qrmak
651 1 _2qrmak
905 _aAmira
942 _2ddc
_cBK
_e21
_n0
999 _c179422
_d179422